[Event "BCF-chT4S 1920 (4NCL)"]
[Site "England"]
[Date "2020.01.11"]
[Round "3.26"]
[White "Lazarevic, Ljubica"]
[Black "Monga, Kanav"]
[Result "1-0"]
[WhiteElo "1416"]
[BlackElo "1645"]
[PlyCount "43"]
[EventDate "2019.11.09"]
[EventType "team-swiss"]
[EventRounds "11"]
[EventCountry "ENG"]
[SourceTitle "EXT 2022"]
[Source "ChessBase"]
[SourceDate "2021.10.06"]
[SourceVersion "1"]
[SourceVersionDate "2021.10.06"]
[SourceQuality "1"]
[WhiteTeam "Wood Green Youth"]
[BlackTeam "Warwicks Select II"]
[WhiteTeamCountry "ENG"]
[BlackTeamCountry "ENG"]

1. e4 c5 2. Nc3 d6 3. f4 Nf6 4. d3 g6 5. g3 Bg7 6. Bg2 Nc6 7. Nge2 Bg4 8. h3 Bd7 9. Be3 Qb6 10. 0-0 Nd4 11. Rb1 0-0 12. g4 Bxg4 13. hxg4 Nxg4 14. Nd5 Qd8 15. Nxd4 cxd4 16. Qxg4 e6 17. Bd2 exd5 18. Qg5 Qc7 19. Rbc1 dxe4 20. Bxe4 Rae8 21. f5 Qc5 22. f6 1-0

[Event "Coventry Warwickshire Major U1975"]
[Site "Coventry"]
[Date "2019.02.23"]
[Round "3"]
[White "Monga, Kanav"]
[Black "Chung, Ethan Cheung Jing"]
[Result "0-1"]
[WhiteElo "1420"]
[BlackElo "1596"]
[PlyCount "46"]
[EventDate "2019.02.22"]
[EventType "swiss"]
[EventRounds "5"]
[EventCountry "ENG"]
[SourceTitle "EXT 2025"]
[Source "ChessBase"]
[SourceDate "2024.10.14"]
[SourceVersion "1"]
[SourceVersionDate "2024.10.14"]
[SourceQuality "1"]

1. d4 d5 2. Bf4 Nf6 3. e3 Bf5 4. c4 e6 5. Qb3 Qc8 6. Nc3 Nc6 7. cxd5 exd5 8. Nxd5 Nxd5 9. Qxd5 Bb4+ 10. Kd1 0-0 11. Bb5 Rd8 12. Qc4 Be6 13. Qe2 Nxd4 14. exd4 Rxd4+ 15. Bd3 Bf5 16. Nf3 Rxd3+ 17. Nd2 Bxd2 18. Bxd2 Qd7 19. Rc1 Re8 20. Rxc7 Rxe2 21. Rxd7 Rexd2+ 22. Kc1 Rxd7 23. Re1 Kf8 0-1